दर्शन का परिचय / (Record no. 119069)

MARC details
000 -LEADER
fixed length control field 01190nam a22002657a 4500
005 - DATE AND TIME OF LATEST TRANSACTION
control field 20170124103126.0
010 ## - LIBRARY OF CONGRESS CONTROL NUMBER
LC control number A-655579
020 ## - INTERNATIONAL STANDARD BOOK NUMBER
Terms of availability 27.00
035 ## - SYSTEM CONTROL NUMBER
System control number A-655579
037 ## - SOURCE OF ACQUISITION
Source of stock number/acquisition Cen Lib/Ret
040 ## - CATALOGING SOURCE
Original cataloging agency DPL
Language of cataloging HN
082 ## - DEWEY DECIMAL CLASSIFICATION NUMBER
Classification number 181.41
Item number भटना
100 ## - MAIN ENTRY--PERSONAL NAME
Personal name भटनागर, राजेन्द्र
9 (RLIN) 83204
245 ## - TITLE STATEMENT
Title दर्शन का परिचय /
Statement of responsibility, etc राजेन्द्र भटनागर
246 ## - VARYING FORM OF TITLE
Title proper/short title Darshan ka parichay /
Remainder of title by Rajendra Bhatnagar
260 ## - PUBLICATION, DISTRIBUTION, ETC. (IMPRINT)
Place of publication, distribution, etc जयपुर
Name of publisher, distributor, etc राजस्थान हिन्दी ग्रन्थ अकादमी
Date of publication, distribution, etc 1993
270 ## - ADDRESS
Address ए-26/2, विद्यालय मार्ग, तिलक मार्ग
City जयपुर
Postal code 302004
300 ## - PHYSICAL DESCRIPTION
Extent 105पृ.
Dimensions 21सेमी (सजिल्द)
500 ## - GENERAL NOTE
General note अनुक्रमणिका और सन्दर्भ सूची शामिल
650 ## - SUBJECT ADDED ENTRY--TOPICAL TERM
Topical term or geographic name as entry element दार्शनिक चिन्तन
9 (RLIN) 1483
650 ## - SUBJECT ADDED ENTRY--TOPICAL TERM
Topical term or geographic name as entry element मूल्य और आदर्श
9 (RLIN) 1726
650 ## - SUBJECT ADDED ENTRY--TOPICAL TERM
Topical term or geographic name as entry element Philosophical aspects
9 (RLIN) 16954
650 ## - SUBJECT ADDED ENTRY--TOPICAL TERM
Topical term or geographic name as entry element Price and perfect
9 (RLIN) 83205
942 ## - ADDED ENTRY ELEMENTS (KOHA)
Source of classification or shelving scheme Dewey Decimal Classification
Koha item type Hindi Books
Classification part 181.41
Call number suffix भटना
Holdings
Withdrawn status Lost status Damaged status Not for loan Home library Current library Date acquired Source of acquisition Cost, normal purchase price Total Checkouts Full call number Barcode Date last seen Copy number Cost, replacement price Price effective from Koha item type
        Central Library Central Library 15/09/2015 Cen Lib/Ret 27.00   181.41 भटना A-655579 15/09/2015 1 27.00 15/09/2015 Hindi Books

© Delhi Public Library
Hit Counter
free hit counter